000
00299nam a2200121Ia 4500
008
160319s9999 xx 000 0 und d
245
_a
14-K Featuring Yesterday's Dream /
260
_b
Alpha Records.
300
_a
1 sound disc :
300
_b
digital :
300
_c
4 3/4 in.
650
_a
Music.
999
_c
292767
_d
292767